| 000 -LEADER |
| fixed length control field |
00802cam a2200181 i 4500 |
| 040 ## - CATALOGING SOURCE |
| Transcribing agency |
DLC |
| 082 00 - DEWEY DECIMAL CLASSIFICATION NUMBER |
| Classification number |
664 FOO 1974 C158 Or. |
| 245 00 - TITLE STATEMENT |
| Title |
Refrigeration applications to fish, fruit, and vegetables in South East Asia : |
| Remainder of title |
an international short-term training course, Durgapur, India, January 14-24, 1974. |
| 260 ## - PUBLICATION, DISTRIBUTION, ETC. (IMPRINT) |
| Place of publication |
Rome : |
| Name of publisher |
Food and Agriculture Organization of the United Nations, |
| Year of publication |
c1974. |
| 300 ## - PHYSICAL DESCRIPTION |
| Number of Pages |
249 p. : |
| Other physical details |
ill. ; |
| Dimensions |
24 cm. |
| 500 ## - GENERAL NOTE |
| General note |
Sponsored by Food and Agriculture Organization of the United Nations and International Institute of Refrigeration. |
| 500 ## - GENERAL NOTE |
| General note |
Errata slip inserted. |
| 650 #0 - SUBJECT ADDED ENTRY--TOPICAL TERM |
| Topical Term |
Cold storage |
| 650 #0 - SUBJECT ADDED ENTRY--TOPICAL TERM |
| Topical Term |
Frozen foods |
| 710 2# - ADDED ENTRY--CORPORATE NAME |
| Corporate name or jurisdiction name as entry element |
Food and Agriculture Organization of the United Nations. |
| 710 2# - ADDED ENTRY--CORPORATE NAME |
| Corporate name or jurisdiction name as entry element |
International Institute of Refrigeration. |
| 942 ## - ADDED ENTRY ELEMENTS (KOHA) |
| Koha item type |
ADB |
| 952 ## - LOCATION AND ITEM INFORMATION (KOHA) |
| Withdrawn status [LOCAL, KOHA] |
0 |